| 000 | 00414nam a22001577a 4500 | ||
|---|---|---|---|
| 999 |
_c65991 _d65988 |
||
| 020 | _a9780128148914 | ||
| 082 | _a621.3ZAR | ||
| 100 | _aZari, Kazem | ||
| 245 | _aOperation of Distributed Energy Resources System | ||
| 260 |
_aNew Delhi _bAcademic press _c2018 |
||
| 300 | _a406 | ||
| 650 | _aRenewable energy sources | ||
| 650 | _aSmart power grids | ||
| 856 | _uhttps://tinyurl.com/p92vt869 | ||
| 942 | _cBK | ||